| 000 | 05028 a2200409 4500 | ||
|---|---|---|---|
| 005 | 20080908170316.0 | ||
| 008 | 080908t xxu||||| |||| 00| 0 hin d | ||
| 010 | _aHIN-80188 B-291681-691 | ||
| 020 |
_a8187798858 _c695.00 |
||
| 035 | _aHN-52534 | ||
| 035 | _aB-291681-691 | ||
| 037 | _bD.B.Act / pub | ||
| 037 | _bश्री साँई प्रिन्टोग्राफर्स | ||
| 040 |
_adpl _bHIN |
||
| 082 | _a615.7046 | ||
| 100 | _aशर्मा, हीरालाल | ||
| 245 |
_aयोग-भगाए-रोग _cहीरालाल शर्मा तथा सुधा शर्मा |
||
| 246 |
_aYog Bhgaye Rog _bby Hira Lal Sharma&Sudha Shrama |
||
| 260 |
_aनई दिल्ली _bश्री साँई प्रिन्टोग्राफर्स _c2006 |
||
| 270 |
_a101,4787/23,अंसारी रोड, दरियागंज _bनई दिल्ली _e110002 _k23246222, 23246333 _mFrienpub@ndf.vsnl.net.in |
||
| 300 |
_a312पृ _c24सेमी (सजिल्द) _b(सचित्र) |
||
| 700 | _aशर्मा, सुधा | ||
| 942 |
_adpl _cHN _k615.7046 / शर्माही _2ddc _h615.7046 _mशर्माही |
||
| 999 |
_c5161 _d5161 |
||